Sports Quiz

Random Sports or Numbers Quiz

Sport by Numbers Quiz Stats

 Plays Quiz Updated Apr 5, 2018

Score 0/55 Timer 06:00
10 Plays Today
% Correct
Red
96.8%
Blue
95.7%
Yellow
95.4%
Green
94.7%
Pitcher
94.5%
First Base
92.7%
Second Base
92.6%
Third Base
92.4%
Black
92.2%
Catcher
90.9%
Swimming
89.3%
Running
89.2%
Short Stop
88.4%
Cycling
88%
Left Field
87.3%
Right Field
87.3%
Winter Olympics
86.3%
Summer Olympics
86.3%
Center Field
86.2%
Brazil
86%
Spain
83.2%
West Germany
80%
Pittsburgh Steelers
77.3%
France
77.2%
Italy
76%
England
71.8%
Baltimore Ravens
71.4%
Cleveland Browns
70.8%
% Correct
Argentina
69.6%
Cincinnati Bengals
69.2%
Miami Dolphins
67.7%
Long Jump
67.5%
New York Rangers
66.6%
Boston Bruins
65.7%
Detroit Red Wings
65.1%
High Jump
64.6%
Montreal Canadiens
63.9%
Javelin Throw
62.6%
Toronto Maple Leafs
61.4%
Chicago Blackhawks
61.2%
Shot Put
60.5%
100m
59.9%
Discus Throw
57.6%
110m hurdles
54.5%
Pole Vault
50.6%
400m
46.3%
Baseball
43.9%
Uruguay
42.9%
Golf
34.3%
Softball
32.9%
1500m
29.6%
Rugby Sevens
16.1%
Karate
6.4%
Squash
5.4%
Roller sports (inline speed skating)
3.6%

You're not logged in!

Compare scores with friends on all Sporcle quizzes.
OR
Log In

You Might Also Like...

Show Comments

Extras

Top Quizzes Today


Score Distribution

Your Account Isn't Verified!

In order to create a playlist on Sporcle, you need to verify the email address you used during registration. Go to your Sporcle Settings to finish the process.

Report this User

Report this user for behavior that violates our Community Guidelines.

Details: